000 00955nam a2200301Ia 4500
003 OSt
005 20221006160219.0
006 a|||||r|||| 00| 0
007 ta
008 221006b |||||||| |||| 00| 0 eng d
020 _a9788980631322
_c
_26.58
024 _a44,631
037 _bGift, Window on Korea
_cTextual
040 _aEASL
_cEASL
_beng
041 _2eng
_aeng
082 _aX56.495, P2
100 _aCho Lee-jay etc. Ed.
_9672444
245 0 _aRestructuring the Korean financial market in a global economy
260 _aSeoul
_bKorea Development Institute Korea
_c2002
300 _a408p.
_ccm.
490 _v KEL
650 _a KEL
650 _a Korea - Economic policy - International
_9672445
650 _a Korea - Financial reforms
_9671774
650 _aKorea - Finance - International
_9672446
942 _hX56.495, P2
_cTEXL
_2CC
999 _c1112723
_d1112723